000 00518nam a2200181Ia 4500
999 _c26642
_d26642
003 OSt
005 20201123131111.0
008 190216s9999||||xx |||||||||||||| ||und||
020 _a5010024306
040 _coclc
082 _a920
_bULY/M
100 _aUlyanovsky, Rostislav
_96853
245 0 _aMoonu Nedakkanmar /
_cRostislav Ulyanovsky
260 _bPrabhas Book House,
_aThiruvananthapuram:
_c1990.
300 _a176p
650 _aOormakurip
942 _cBK
_2ddc
_h920
_iULY/M
_k920
_mULY/M